| 000 | 00731nam a22002297a 4500 | ||
|---|---|---|---|
| 003 | OSt | ||
| 005 | 20140310182143.0 | ||
| 008 | 130829t xxu||||| |||| 00| 0 eng d | ||
| 020 | _a1855015986 | ||
| 022 | _29781855015982 | ||
| 050 |
_aTT835 _b.C912 1995 |
||
| 082 |
_aHS 746.046 _bC86 1995 |
||
| 240 | _aCreative crafts for creative hands | ||
| 245 |
_aPatchwork & quilting : _bhow to make beautiful gifts and objects for the home, from basic techniques to finishing touches. |
||
| 260 |
_aLondon : _bTiger Books International, _cc1995. |
||
| 300 |
_a60 p. ; _c30 cm. |
||
| 440 |
_aCreative crafts for creative hands _915382 |
||
| 650 |
_aQuilting _915362 |
||
| 650 |
_aNeedlework _915363 |
||
| 942 | _2lcc | ||
| 999 |
_c9872 _d9872 |
||